5HLuxD.jpg

KING HENRY VIII SENIOR AND PRIMARY SCHOOL LIBRARY OPAC

Adam Peaty / (Record no. 481)

000 -LEADER
fixed length control field 00865nam a22002417a 4500
005 - DATE AND TIME OF LATEST TRANSACTION
control field 20190816094520.0
008 - FIXED-LENGTH DATA ELEMENTS--GENERAL INFORMATION
fixed length control field 190816b ||||| |||| 00| 0 eng d
020 ## - INTERNATIONAL STANDARD BOOK NUMBER
International Standard Book Number 9781445153339
040 ## - CATALOGING SOURCE
Transcribing agency KH8
082 ## - DEWEY DECIMAL CLASSIFICATION NUMBER
Classification number 797.210 APP
100 ## - MAIN ENTRY--PERSONAL NAME
Personal name Apps, Roy
245 ## - TITLE STATEMENT
Title Adam Peaty /
Statement of responsibility, etc. Roy Apps; illustrated by Alessandro Valdrighi
260 ## - PUBLICATION, DISTRIBUTION, ETC.
Place of publication, distribution, etc. London :
Name of publisher, distributor, etc. Franklin Watts,
Date of publication, distribution, etc. 2018. ©2018.
300 ## - PHYSICAL DESCRIPTION
Extent 47 pages :
Other physical details colour illustrations ;
Dimensions 21 cm.
440 ## - SERIES STATEMENT/ADDED ENTRY--TITLE
Title Sporting heroes
440 ## - SERIES STATEMENT/ADDED ENTRY--TITLE
Title Edge
520 ## - SUMMARY, ETC.
Summary, etc. This book follows Adam Peaty's rise to Olympic swimming stardom, from his early years to gold-medal glory.
650 ## - SUBJECT ADDED ENTRY--TOPICAL TERM
Topical term or geographic name entry element Peaty, Adam, 1994
Form subdivision Juvenile literature.
650 ## - SUBJECT ADDED ENTRY--TOPICAL TERM
Topical term or geographic name entry element Swimmers
Form subdivision Biography
General subdivision Juvenile literature.
Geographic subdivision Great Britain
650 ## - SUBJECT ADDED ENTRY--TOPICAL TERM
Topical term or geographic name entry element Olympics
Form subdivision Juvenile literature.
700 ## - ADDED ENTRY--PERSONAL NAME
Personal name Valdrighi, Alessandro
Relator term Illustrator
942 ## - ADDED ENTRY ELEMENTS (KOHA)
Source of classification or shelving scheme
Koha item type Books - Non Ficton
Holdings
Withdrawn status Lost status Source of classification or shelving scheme Damaged status Not for loan Collection code Permanent Location Current Location Shelving location Date acquired Full call number Barcode Date last seen Price effective from Koha item type
          Non-Fiction KH8 Senior School Library KH8 Senior School Library Non Fiction 2019-08-16 797.210 APP 3KHSL000100013 2019-08-16 2019-08-16 Books - Non Ficton

Powered By KH8 IT Dept